| 000 | 00670nam 22001813 4500 | ||
|---|---|---|---|
| 001 | 201737 | ||
| 090 | _a201737 | ||
| 100 | _a20260410d u||y0pory50 ba | ||
| 200 |
_aHistória da literatura infantil universal _fCarmen Bravo-Villasante _gtrad. Manuel Campos e Alexandra de Freitas |
||
| 210 |
_aMem Martins _cPrinter Portuguesa _d1977 |
||
| 215 |
_a2 vols _cencadernado _d24 cm |
||
| 606 |
_911269 _aQuestões gerais em linguística e literatura. Filologia |
||
| 610 | _a Literatura -- Literatura Infantil -- História | ||
| 675 |
_a82.09 _vPT _zpor |
||
| 700 |
_917098 _aBravo-Villasante _bCarmen _f1918-1994 |
||
| 801 |
_aPT _bBMMN _gRPC |
||
| 830 |
_cFernando _fFernando |
||
| 990 | _cLIVROS | ||